| 000 | 00495nam a2200193Ia 4500 | ||
|---|---|---|---|
| 005 | 20240823050547.0 | ||
| 008 | 240823s9999||||xx |||||||||||||| ||und|| | ||
| 020 | _a978-83-80856-16-2 | ||
| 041 | _aENGLISH | ||
| 082 | _A747.068 Q1 | ||
| 100 | _aRao M S | ||
| 245 | 0 | _aSecrets For Success - Failure is Only a Comma Not a Full Stop | |
| 250 | _a1st | ||
| 260 |
_c2011 _b"University Press,Hyde" |
||
| 500 | _aYES | ||
| 650 |
_aSuccess _bManagement Studies |
||
| 942 | _cBK | ||
| 999 |
_c217534 _d217534 |
||